Statistics for nuclear bomb trivia

Click here to take the quiz!

General Stats

  • This quiz has been taken 23 times
  • The average score is 8 of 15

Answer Stats

HintAnswer% Correct
What the A in A-bomb meansatomic
95%
What the H in H-Bomb meanshydrogen
95%
Instead of fission scientists used this
to create more energy
fusion
77%
What you got when uranium was enrichedplutonium
77%
Most powerful bomb droppedtsar bomba
68%
State where above test was heldnew mexico
59%
When the USSR found out how to make nuclear weapons1949
55%
Byproduct of weapons enrichment hint (its a planet)neptunium
41%
This country willingly gave up its 6 nuclear weapons.
Hint: (not formerly in the USSR)
South Africa
41%
What the first A-bomb test was calledtrinity
41%
Type of uranium used in Atomic bombs235
36%
What procedure was taught at schools if a nuclear
weapon was ever dropped
duck and cover
32%
Type of plutonium used in nuclear weapons239
27%
Substance forgotten in 1996 used to make
nuclear weapons that had to be reverse engineered
fogbank
5%
What nuclear test included possibly launching a manhole
cover into space. operation __________
plumbbob
5%

Score Distribution

Percentile by Number Answered

Percent of People with Each Score

Your Score History

You have not taken this quiz